El reto de la democratización en Panamá /
Gorde:
| Egile nagusia: | |
|---|---|
| Formatua: | Texto |
| Etiketak: |
Etiketa erantsi
Etiketarik gabe, Izan zaitez lehena erregistro honi etiketa jartzen!
|
MARC
| LEADER | 00000 a a2200000 04500 | ||
|---|---|---|---|
| 001 | 47771 | ||
| 003 | |||
| 040 | |||
| 100 | |a Arias Calderón, Ricardo | ||
| 245 | |a El reto de la democratización en Panamá / |c Ricardo Arias Calderón | ||
| 773 | |g número3, (julio-setiembre, 1986), páginas 12-19 | ||
| 999 | |c 25688 |d 25688 | ||
